Диабаз как альтернативное сырьё в производстве пеностекла; Проблемы геологии и освоения недр

Opis bibliograficzny
Parent link:Проблемы геологии и освоения недр.— 2008.— С. 818-820
1. autor: Мешков А. В.
Kolejni autorzy: Казьмина О. В. (научный руководитель)
Język:rosyjski
Wydane: 2008
Hasła przedmiotowe:
Format: Rozdział
KOHA link:https://koha.lib.tpu.ru/cgi-bin/koha/opac-detail.pl?biblionumber=179426

MARC

LEADER 00000naa2a2200000 4500
001 179426
005 20231031170326.0
035 |a (RuTPU)RU\TPU\book\194505 
090 |a 179426 
100 |a 20100421d2008 k y0rusy50 ca 
101 0 |a rus 
102 |a RU 
200 1 |a Диабаз как альтернативное сырьё в производстве пеностекла  |f А. В. Мешков  |g науч. рук. О. В. Казьмина 
320 |a Библиогр.: 1 назв. 
463 0 |0 (RuTPU)RU\TPU\book\164908  |y 5-89503-079-3  |t Проблемы геологии и освоения недр  |o труды XII Международного симпозиума имени академика М. А. Усова студентов и молодых ученых, посвященного 100-летию первого выпуска горных инженеров в Сибири и 90-летию создания Сибгеолкома в России  |f Томский политехнический университет (ТПУ), Институт геологии и нефтегазового дела (ИГНД)  |v С. 818-820  |d 2008  |p 944 с. 
610 1 |a пеностекло 
610 1 |a производство 
610 1 |a диабаз 
610 1 |a теплоизоляция 
610 1 |a габбро-диабазовые породы 
610 1 |a технологичекие схемы 
610 1 |a рентгенограммы 
610 1 |a Красноярское месторождение 
610 1 |a труды учёных ТПУ 
700 1 |a Мешков  |b А. В. 
702 1 |a Казьмина  |b О. В.  |4 727 
801 1 |a RU  |b 63413507  |c 20100421 
942 |c BK